The U.S. Open : (Record no. 441)

MARC details
000 -LEADER
fixed length control field 01050cam a2200325 a 4500
005 - DATE AND TIME OF LATEST TRANSACTION
control field 20260322212020.0
008 - FIXED-LENGTH DATA ELEMENTS--GENERAL INFORMATION
fixed length control field data
010 ## - LIBRARY OF CONGRESS CONTROL NUMBER
LC control number 97013592
020 ## - INTERNATIONAL STANDARD BOOK NUMBER
International Standard Book Number 0783552602
020 ## - INTERNATIONAL STANDARD BOOK NUMBER
International Standard Book Number 9780783552606
040 ## - CATALOGING SOURCE
Original cataloging agency DLC
Transcribing agency DLC
Modifying agency DLC
043 ## - GEOGRAPHIC AREA CODE
Geographic area code n-us-ny
050 00 - LIBRARY OF CONGRESS CALL NUMBER
Classification number GV999
Item number .U12 1997
082 00 - DEWEY DECIMAL CLASSIFICATION NUMBER
Classification number 796.342/09747/1
Edition information 21
092 ## - LOCALLY ASSIGNED DEWEY CALL NUMBER (OCLC)
Classification number 796.34 U12 1997
001 - CONTROL NUMBER
control field data
245 14 - TITLE STATEMENT
Title The U.S. Open :
Remainder of title game, set, unmatched /
Statement of responsibility, etc. Roger M. Williams & Time-Life Books.
246 3# - VARYING FORM OF TITLE
Title proper/short title US Open
246 3# - VARYING FORM OF TITLE
Title proper/short title United States Open
260 ## - PUBLICATION, DISTRIBUTION, ETC.
Place of publication, distribution, etc. [Alexandria, Va.] :
Name of publisher, distributor, etc. Time-Life Books,
Date of publication, distribution, etc. c1997.
300 ## - PHYSICAL DESCRIPTION
Extent 192 p. :
Other physical details col. ill. ;
Dimensions 31 cm.
500 ## - GENERAL NOTE
General note "Photography credits": p. 190.
500 ## - GENERAL NOTE
General note Includes index.
611 20 - SUBJECT ADDED ENTRY--MEETING NAME
Meeting name or jurisdiction name as entry element U.S. Open (Tennis tournament)
General subdivision History.
700 1# - ADDED ENTRY--PERSONAL NAME
Personal name Williams, Roger M.,
Dates associated with a name 1934-
710 2# - ADDED ENTRY--CORPORATE NAME
Corporate name or jurisdiction name as entry element Time-Life Books.
906 ## - LOCAL DATA ELEMENT F, LDF (RLIN)
a 7
b cbc
c orignew
d 1
e ocip
f 19
g y-gencatlg
991 ## -
-- c-GenColl
-- GV999
-- .U12 1997
-- Copy 1
-- BOOKS
Holdings
Withdrawn status Lost status Damaged status Not for loan Home library Current library Shelving location Date acquired Total checkouts Full call number Barcode Date last seen Price effective from Koha item type
        Centerville Centerville General stacks 22/03/2026   796.342/09747/1 21 BC0010452 22/03/2026 22/03/2026 Books